Enigmas de la antigua América / (Record no. 39836)
[ view plain ]
| 000 -CABECERA | |
|---|---|
| campo de control de longitud fija | 00509nam a2200157 a 4500 |
| 001 - NÚMERO DE CONTROL | |
| campo de control | 000040346 |
| 005 - FECHA Y HORA DE LA ÚLTIMA TRANSACCIÓN | |
| campo de control | 20201002034055.0 |
| 008 - DATOS DE LONGITUD FIJA--INFORMACIÓN GENERAL | |
| campo de control de longitud fija | 130822s19uu sp ac 001 0 spa d |
| 040 ## - FUENTE DE LA CATALOGACIÓN | |
| Centro catalogador/agencia de origen | DO-SdBNP |
| Lengua de catalogación | spa |
| Centro/agencia transcriptor | BNPHU |
| 100 1# - ENTRADA PRINCIPAL--NOMBRE DE PERSONA | |
| Nombre de persona | Llopis, José J. |
| 9 (RLIN) | 66642 |
| 245 10 - MENCIÓN DE TÍTULO | |
| Título | Enigmas de la antigua América / |
| Mención de responsabilidad, etc. | José J. Llopis. |
| 260 ## - PUBLICACIÓN, DISTRIBUCIÓN, ETC. | |
| Lugar de publicación, distribución, etc. | Madrid : |
| Nombre del editor, distribuidor, etc. | Daimon, |
| Fecha de publicación, distribución, etc. | [196?]. |
| 300 ## - DESCRIPCIÓN FÍSICA | |
| Extensión | 399 p. : |
| Otras características físicas | il., retrs. ; |
| Dimensiones | 22 cm. |
| 500 ## - NOTA GENERAL | |
| Nota general | Incluye índice |
| 500 ## - NOTA GENERAL | |
| Nota general | Incluye referencias bibliográficas y notas al pie de las páginas |
| Estado de retiro | Estado de pérdida | Restricciones de uso | No para préstamo | Código de colección | Localización permanente | Ubicación/localización actual | Ubicación en estantería | Fecha de adquisición | Número de inventario | Total de préstamos | Signatura topográfica completa | Código de barras | Fecha visto por última vez | Precio válido a partir de | Tipo de ítem Koha | Nota pública |
|---|---|---|---|---|---|---|---|---|---|---|---|---|---|---|---|---|
| Excluido de préstamo | Monografías: Libros y Folletos | General | General | En catalogación | 22.08.2013 | LF1 | 40346-10 | 25.06.2020 | 25.06.2020 | No se presta | Perteneció a la biblioteca personal de Aída Cartagena Portalatín |
